Countries combined answers - Statistics

General Stats
  • This quiz has been taken 35 times
    18 since last reset
  • The average score is 14 of 15
Answer Stats
Connection Country % Correct
Who shares his longest border with... Canada
100%
That shares the northern border with... Dem. Rep. Congo
100%
Which in 2022 solved an Hans Island conflict with... Denmark
100%
Whose neutrality was broken twice by... Germany
100%
Which is connected via bridge with... Sweden
100%
Which is the second country with the largest number of immigrants after... United States
100%
Lusaka is the capital of... Zambia
100%
That was a former overseas colony of... Belgium
94%
Which in 1979 he gave up the Sinai Peninsula to... Egypt
94%
The colors of whose flag are only shared by one other country in Europe, that being... Ukraine
94%
Which from June 13 to June 24 2025 was in conflict with... Israel
88%
Whose smallest bordering country by area is... Moldova
88%
That borders the Islamic Republic of... Iran
75%
Which was the second smallest soviet republic after... Armenia
63%
Which in 2025 signed an peace treaty with... Azerbaijan
63%
No matching quizzes found
Score Distribution
Percent of People with Each Score
Percentile by Number Answered
Your Score History
You have not taken this quiz since the last reset